<The> Economic Growth and Openness of Economy
Ukazovatele otvorenosti ekonomiky. Analýza bariér otvorenosti ekonomiky. Vzťah otvorenosti slovenskej ekonomiky a jej rastom. Porovnanie otvorenosti ekonomiky Slovenska s ostatnými krajinami EÚ.
Saved in:
| Main Author: | |
|---|---|
| Other Authors: | |
| Format: | Book Chapter |
| Language: | English |
| Subjects: | |
| Tags: |
No Tags, Be the first to tag this record!
|
MARC
| LEADER | 00000naa$a2200000$$$4500 | ||
|---|---|---|---|
| 001 | 0210829 | ||
| 005 | 20240604103200.2 | ||
| 041 | 0 | |a eng | |
| 044 | |a BG | ||
| 245 | 1 | 0 | |a <The> Economic Growth and Openness of Economy |c Marcel Novák, Ivan Brezina ml. |
| 520 | |a Ukazovatele otvorenosti ekonomiky. Analýza bariér otvorenosti ekonomiky. Vzťah otvorenosti slovenskej ekonomiky a jej rastom. Porovnanie otvorenosti ekonomiky Slovenska s ostatnými krajinami EÚ. | ||
| 610 | 2 | 0 | |a rast hospodársky |
| 610 | 2 | 0 | |a hospodárstvo otvorené |
| 610 | 2 | 0 | |a obchod medzinárodný |
| 100 | 1 | |a Novák, Marcel, 1979- | |
| 700 | 1 | |a Brezina, Ivan, ml. | |